000
00450nam a2200181Ia 4500
008
100917s9999 xx 000 0 und d
082
_b
29212
100
_a
विविध लेखक
245
_a
मोहर
260
_b
सोमैय्या पब्लीकेशन
_c
1969
300
_a
279
365
_b
8
520
_a
कथा
630
_a
मोहर
650
_a
कथा
730
_a
मोहर
942
_c
BOOK
999
_c
634606
_d
634603